| 000 | 00831nam a2200205 a 4500 | ||
|---|---|---|---|
| 003 | 0 | ||
| 005 | 20250407112910.0 | ||
| 008 | 970101s19uu xx 00 eng d | ||
| 050 |
_aPGS PE 1128.A2.F33 _b.Sh556 2004 |
||
| 100 | _aShin, Yoon. | ||
| 245 |
_aFactors that affect Korean's ability to speak in English / _cYoon Shin. |
||
| 260 |
_aLas PiƱas City, Philippines : _bSouthville International School and Colleges, _c2004. |
||
| 300 |
_a21 pages : _billustrations ; _c28 cm. |
||
| 504 | _aIncludes bibliographical references. | ||
| 650 |
_aEnglish language _vStudy and teaching _vKorean speakers. |
||
| 650 |
_aEnglish language _vSpoken English _vAbility testing. |
||
| 650 |
_aSecond language acquisition _vKorean students. |
||
| 650 |
_aLanguage and languages _vStudy and teaching _vKorean students. |
||
| 942 |
_2lcc _cPASS |
||
| 999 |
_c97052 _d97052 |
||